Home automation and security (Record no. 10178)

000 -LEADER
fixed length control field 00548 a2200145 4500
082 ## - DEWEY DECIMAL CLASSIFICATION NUMBER
Classification number BEE-2
100 ## - MAIN ENTRY--PERSONAL NAME
Personal name Ousaid Imtiaz
9 (RLIN) 92562
245 ## - TITLE STATEMENT
Title Home automation and security
Statement of responsibility, etc. Ousaid Imtiaz & Sohaib Sultan
260 ## - PUBLICATION, DISTRIBUTION, ETC.
Place of publication, distribution, etc. Islamabad :
Name of publisher, distributor, etc. NUST School of Electrical Engineering & Computer Science,
Date of publication, distribution, etc. 2009.
300 ## - PHYSICAL DESCRIPTION
Extent xiii, 63 p. ;
Other physical details ill. :
Dimensions 27 cm. +
Accompanying material 1CD ROM
500 ## - GENERAL NOTE
General note Supervisors : Mr. Muhammad Bilal, Mr. Yasir Iqbal.
700 ## - ADDED ENTRY--PERSONAL NAME
Personal name Sohaib Sultan
9 (RLIN) 92563
856 ## - ELECTRONIC LOCATION AND ACCESS
Uniform Resource Identifier <a href="http://10.250.8.41:8080/xmlui/handle/123456789/9193">http://10.250.8.41:8080/xmlui/handle/123456789/9193</a>
942 ## - ADDED ENTRY ELEMENTS (KOHA)
Koha item type Project Report
Call number prefix BEE-2 OUS
Source of classification or shelving scheme
Holdings
Withdrawn status Lost status Damaged status Not for loan Permanent Location Current Location Date acquired Full call number Barcode Date last seen Price effective from Koha item type
WITHDRAWN       Central Library (CL) Central Library (CL) 07/03/2022 BEE-2 OUS SEECSP00840 11/14/2012 11/14/2012 Project Report
© 2023 Central Library, National University of Sciences and Technology. All Rights Reserved.